| 000 | 00933nas a2200313 4500 | ||
|---|---|---|---|
| 001 | BR9704244 | ||
| 003 | BR-BrBNA | ||
| 005 | 20231205100504.0 | ||
| 007 | ta | ||
| 008 | 230509b bl.|||p| |||| 00| 00por d | ||
| 040 |
_aBR-BrBNA _bpor _cBiblioteca Nacional de Agricultura |
||
| 041 | _a(Pt) | ||
| 072 | _aL70; L73 | ||
| 100 | 1 | _aPrado, E. | |
| 100 | 1 | _aCruz, F.E.R. | |
| 100 | 1 | _aViana, F.C. | |
| 100 | 1 | _aTorres, A.M.C. | |
| 100 | 1 | _aReis, D.L. | |
| 245 | 1 | _aProblemas sanitarios do rebanho de leite: percepcao dos criadores | |
| 650 | _aGado Leiteiro | ||
| 650 | _aDoenca Animal | ||
| 650 | _aProducao Leiteira | ||
| 650 | _aVeterinaria | ||
| 650 | _aAnalise de Laboratorio | ||
| 650 | _aMinas Gerais | ||
| 773 | 0 |
_tArquivo Brasileiro de Medicina Veterinaria e Zootecnia (Brazil) _xISSN 0102-0935 _g(Feb 1997), v. 49(1) p. 19-29 _wBR9704244 |
|
| 909 |
_a202311 _bLúcia _c55 _dLúcia Elande |
||
| 942 |
_2AGRIS _n0 _cANA |
||
| 999 |
_c156318 _d156318 |
||